000 00649nam a2200205Ii 4500
003 JO-AjNU
008 230605s9999||||xx |||||||||||||| ||und||
017 _a1997/7/1054
040 _aJO-AjNU
_bara
_erda
_cJO-AjNU
041 _aara
050 1 4 _aPJ7580.G42 1997
100 3 _aغوانمة،محمد,
_eauthor
_99610
245 0 0 _aالأهزوجة الأردنية
264 3 1 _aعمان:الروزنا،1997
300 _a236ص
336 _atext
_btxt
_2rdacontent
337 _aunmediated
_bn
_2rdamedia
338 _avolume
_bnc
_2rdacarrier
650 4 _aغناء - أغاني شعبية أردنية - العلوم الإجتماعية
_99611
999 _aA1389
_c4957
_d4957